Statistics for Guess the Anime - Alternate Perspective

Click here to take the quiz!

General Stats

  • This quiz has been taken 33 times
  • The average score is 9 of 18

Answer Stats

DescriptionAnime% Correct
This guy ate my dismembered fingers and now I'm in his brainJujutsu Kaisen (Sukuna)
87%
This weak kid ate my hair and now he broke all his fingers, arms, and legsMy Hero Academia (All Might)
87%
This bald guy is pretty strong but he sucks at video gamesOne Punch Man (King)
84%
This kid used to be a child prodigy playing piano but now he has traumaYour Lie In April (Kaori Miyazono)
77%
This guy is killing criminals and doesn't think I knowDeathnote (L Lawliet)
68%
I tried to take over this guy's body, but now I'm stuck in his handParasyte (Migi)
68%
This adopted kid that keeps asking to marry me is loud and has no magicBlack Clover (Sister Lily)
61%
The only thing this kid is good at is jumping and spiking lmao he's shortHaikyuu (Tobio Kageyama)
61%
This kid won't stop talking to me, he's so annoying and he has no parentsNaruto (Sakura Haruno)
45%
I blackmailed this guy into letting me join his party so I can blow things upKonosuba (Megumin)
42%
This guy just bought me as a slave and forced me to fight for himRising of the Shield Hero (Raphtalia)
42%
This guy impersonating a doctor just adopted me and is forcing me to make friends at school, but I know his secretSpy X Family (Anya Forger)
39%
My brother's grandson and great-grandson are traveling the middle east to kill meJojo's Bizarre Adventure (Dio Brando)
32%
I hijacked this guy's spaceship and forced them to let me join themCowboy Bebop (Radical Edward)
29%
This guy wants to become a devil king and get a haremHighschool DxD (Rias Gremory)
23%
These random siblings walked into my library and dropped a hydrogen bomb on meNo Game No Life (Jibril)
23%
This little boy looking kinda... schweeeenHunter X Hunter (Hisoka Morrow)
19%
I just went inside my owner and all he wants to do is touch womenChainsaw Man (Pochita)
16%

Score Distribution

Percentile by Number Answered

Percent of People with Each Score

Your Score History

You have not taken this quiz